| 000 | 00683cac a2200217 a 4500 | ||
|---|---|---|---|
| 003 | CO-PeBPM | ||
| 005 | 20250908104028.0 | ||
| 008 | 231129e1981||||xx |||||||||||||| ||spa|| | ||
| 040 | 0 |
_aCO-PeBPM _bspa _cCO-PeBPM _erda |
|
| 041 | 0 | _aspa | |
| 082 | 0 | 4 | _a301.451861 F899in |
| 100 | 1 |
_aFriede, Juan _eautor |
|
| 245 | 1 | 0 |
_aIndigenismo y aniquilamiento de indigenas en Colombia _c/ Juan Friede |
| 250 | _aSegunda Edición | ||
| 260 |
_aBogotá, Colombia _bUniversidad Nacional _c1981 |
||
| 300 |
_a140 Páginas _c; 19 centímetros |
||
| 490 | _aJorge Ortega Torres-Colección | ||
| 650 | 1 | 4 |
_aIndígenas de Colombia _2LEMB |
| 650 | 1 | 4 |
_aTrato a los indígenas _2LEMB |
| 942 |
_2ddc _cBK |
||
| 999 |
_c15636 _d15636 |
||